• 首页
  • 本馆介绍
  • 公告通知
  • 最新文献
  • 馆藏检索
  • 电子资源
  • 读者导购
  • 参考咨询
  • 我的图书馆
  • 登录
  • 详细信息显示
  • 放入我的书架
  • 预约/预借图书
  • 作者相关作品
  • 分类相关作品
  • 丛书相关作品
  • 出版社相关作品

书目信息

  • 表格格式
  • 工作单格式
  • 卡片格式
题名:
体育赛事项目管理
    
 
作者: 肖林鹏 , 叶庆晖 编著
分册:  
出版信息: 北京   北京体育大学出版社  2005
页数: 277页
开本: 21cm
丛书名:
单 册:
中图分类: G808.22
科图分类:
主题词: 运动竞赛 , 项目管理 , 运动竞赛--项目管理
电子资源:
ISBN: 7-81100-423-2
000 00855nam0 2200253 450
001 003011334
005 20061114142442.96
010    @a7-81100-423-2@dCNY22.00
100    @a20040727d2005 em y0chiy0110 ea
101 0  @achi
102    @aCN@b110000
105    @ay z 000yy
200 1  @a体育赛事项目管理@9ti yu sai shi xiang mu guan li@f肖林鹏,叶庆晖编著
210    @a北京@c北京体育大学出版社@d2005
215    @a277页@d21cm
330    @a本书共分7章,内容包括体育项目管理概述、体育赛事项目项目管理概述、体育赛事的启动、体育赛事的计划、体育赛事的组织与实施、体育赛事的控制、体育赛事的收尾。
606 0  @a运动竞赛
606 0  @x项目管理
606 0  @a运动竞赛@x项目管理
690    @aG808.22@v4
701  0 @a肖林鹏@9xiao lin peng@f(1973.3~)@4编著
701  0 @a叶庆晖@9ye qing hui@4编著
801  0 @aCN@bNLC@c20061114
905    @a10447@dG808.22@e229
    
    体育赛事项目管理/肖林鹏,叶庆晖编著.-北京:北京体育大学出版社,2005
    277页;21cm
    
    
    ISBN 7-81100-423-2:CNY22.00
    本书共分7章,内容包括体育项目管理概述、体育赛事项目项目管理概述、体育赛事的启动、体育赛事的计划、体育赛事的组织与实施、体育赛事的控制、体育赛事的收尾。
●
相关链接 在E读中查询图书 在五车中查询图书 在当当中查询图书 在豆瓣中查询图书


正题名:体育赛事项目管理     索取号:G808.22/229         预约/预借

序号 登录号 条形码 馆藏地/架位号 状态 备注
1 0382695   203826958   第一样本阅览室/ [索取号:G808.22/229] 在馆    
2 0382696   203826967   第四借阅区/ [索取号:G808.22/229] 在馆    
3 0382697   203826976   第四借阅区/ [索取号:G808.22/229] 在馆    
4 0382698   203826985   第四借阅区/ [索取号:G808.22/229] 在馆    
5 0382699   203826994   第四借阅区/ [索取号:G808.22/229] 在馆    
唐山师范学院图书馆 欢迎您!
大连网信软件有限公司© 版权所有